MDQL
is popping MORE tags! Check the
thread
!
Quizzes
Events
Quiz Creation
Community
Videos
Private Events
Remove Ads
Sign In
Join for FREE
Feedback
Dark Mode
Quiz Categories
Sports
Geography
Music
Movies
Television
Just For Fun
Miscellaneous
History
Literature
Language
Science
Gaming
Entertainment
Religion
Holiday
For Kids
Quiz Lab
Recent
Popular Today
Quiz Kudos Today
Editor Picks
Curator Picks
Quizzes by...
Day
Popularity
Type
Ratings
Length
Year
Community
Subscriptions
Recent Discussions
Orange Saloon
Badges
Playlists
Quests
Create
Leaderboards
Showdown
Live 5
Trivia Bingo
Activity
Puzzle Library
Sporcle Events
Private Events
Virtual Trivia
Globe League
Become a Host
Pub Owners
SporcleCon
Opinionation
Our Games
Videos
Blog
Mobile Apps
Partnerships
Remove Ads and Go Orange
Feedback
Sports
Athletes
MLB
NBA
NHL
NFL
Soccer
Sports Teams
WWE
NCAA
Football
Premier League
Basketball
Baseball
Hockey
Golf
Tennis
Cricket
Rugby
Auto Racing
Olympics
World Cup
Sports
Athletes
MLB
NBA
NHL
NFL
Soccer
Sports Teams
WWE
NCAA
Football
Premier League
Basketball
Baseball
Hockey
Golf
Tennis
Cricket
Rugby
Auto Racing
Olympics
World Cup
Random Quiz
Search Sporcle
×
Quiz Lab
Quiz Lab
Sports
Premier League
Type in answers that appear in a list
Type in answers that appear in a list
Classic
Best Score? Go Orange.
All Premier League Darts players from 2005-2020 Stats
Can you name the all players to have played Premier League darts from 2005-2020? (Excluding 'Contenders' and 'Challengers')
By
OfficialPDC
15m
139 Questions
12.9K Plays
12,900 Plays
12,900 Plays
Comments
Comments
Give Quiz Kudos
Give Quiz Kudos
-
- Ratings
hide this ad
Replay
Link that replays current quiz
Next Quiz
Link to next quiz in quiz playlist
You Got
0%
They Got
Avg Score
80%
Avg Friend Score
Upgrade to see
Score Distribution
Jump to the score distribution portion of the page
Score
0/139
Timer
15:00
3
Plays Today
Hint
Answer
% Correct
2005
Phil Taylor
97.6%
2006
Phil Taylor
97.6%
2007
Phil Taylor
97.6%
2008
Phil Taylor
97.6%
2009
Phil Taylor
97.6%
2010
Phil Taylor
97.6%
2011
Phil Taylor
97.6%
2012
Phil Taylor
97.6%
2013
Phil Taylor
97.6%
2014
Phil Taylor
97.6%
2015
Phil Taylor
97.6%
2016
Phil Taylor
97.6%
2017
Phil Taylor
97.6%
2011
Gary Anderson
93.6%
2012
Gary Anderson
93.6%
2013
Gary Anderson
93.6%
2014
Gary Anderson
93.6%
2015
Gary Anderson
93.6%
2016
Gary Anderson
93.6%
2017
Gary Anderson
93.6%
2018
Gary Anderson
93.6%
2020
Gary Anderson
93.6%
2014
Peter Wright
92.4%
2015
Peter Wright
92.4%
2016
Peter Wright
92.4%
2017
Peter Wright
92.4%
2018
Peter Wright
92.4%
2019
Peter Wright
92.4%
2020
Peter Wright
92.4%
2006
Raymond van Barneveld
91.6%
2007
Raymond van Barneveld
91.6%
2008
Raymond van Barneveld
91.6%
2009
Raymond van Barneveld
91.6%
2010
Raymond van Barneveld
91.6%
2011
Raymond van Barneveld
91.6%
2012
Raymond van Barneveld
91.6%
2013
Raymond van Barneveld
91.6%
2014
Raymond van Barneveld
91.6%
2015
Raymond van Barneveld
91.6%
2016
Raymond van Barneveld
91.6%
2017
Raymond van Barneveld
91.6%
2018
Raymond van Barneveld
91.6%
2019
Raymond van Barneveld
91.6%
2013
Michael van Gerwen
91%
2014
Michael van Gerwen
91%
2015
Michael van Gerwen
91%
2016
Michael van Gerwen
91%
Hint
Answer
% Correct
2017
Michael van Gerwen
91%
2018
Michael van Gerwen
91%
2019
Michael van Gerwen
91%
2020
Michael van Gerwen
91%
2018
Gerwyn Price
89.5%
2019
Gerwyn Price
89.5%
2020
Gerwyn Price
89.5%
2008
James Wade
88.8%
2009
James Wade
88.8%
2010
James Wade
88.8%
2011
James Wade
88.8%
2012
James Wade
88.8%
2013
James Wade
88.8%
2015
James Wade
88.8%
2016
James Wade
88.8%
2017
James Wade
88.8%
2019
James Wade
88.8%
2010
Simon Whitlock
88.3%
2011
Simon Whitlock
88.3%
2012
Simon Whitlock
88.3%
2013
Simon Whitlock
88.3%
2014
Simon Whitlock
88.3%
2018
Simon Whitlock
88.3%
2007
Adrian Lewis
87.6%
2008
Adrian Lewis
87.6%
2010
Adrian Lewis
87.6%
2011
Adrian Lewis
87.6%
2012
Adrian Lewis
87.6%
2013
Adrian Lewis
87.6%
2014
Adrian Lewis
87.6%
2015
Adrian Lewis
87.6%
2016
Adrian Lewis
87.6%
2017
Adrian Lewis
87.6%
2018
Daryl Gurney
86.2%
2019
Daryl Gurney
86.2%
2020
Daryl Gurney
86.2%
2016
Michael Smith
84.5%
2018
Michael Smith
84.5%
2019
Michael Smith
84.5%
2020
Michael Smith
84.5%
2005
John Part
83.3%
2008
John Part
83.3%
2009
John Part
83.3%
2018
Rob Cross
81%
2019
Rob Cross
81%
2020
Rob Cross
81%
2018
Mensur Suljovic
77.2%
Hint
Answer
% Correct
2019
Mensur Suljovic
77.2%
2020
Nathan Aspinall
76.9%
2020
Glen Durrant
75.5%
2015
Kim Huybrechts
74.8%
2017
Kim Huybrechts
74.8%
2014
Dave Chisnall
68%
2015
Dave Chisnall
68%
2016
Dave Chisnall
68%
2017
Dave Chisnall
68%
2005
Wayne Mardle
67.8%
2006
Wayne Mardle
67.8%
2008
Wayne Mardle
67.8%
2009
Jelle Klaasen
67.3%
2017
Jelle Klaasen
67.3%
2013
Robert Thornton
65.9%
2014
Robert Thornton
65.9%
2016
Robert Thornton
65.9%
2011
Mark Webster
65.6%
2005
Peter Manley
58.5%
2006
Peter Manley
58.5%
2007
Peter Manley
58.5%
2008
Peter Manley
58.5%
2005
Roland Scholten
58.3%
2006
Roland Scholten
58.3%
2007
Roland Scholten
58.3%
2012
Andy Hamilton
55.6%
2013
Andy Hamilton
55.6%
2015
Stephen Bunting
52.6%
2005
Colin Lloyd
52.2%
2006
Colin Lloyd
52.2%
2007
Colin Lloyd
52.2%
2009
Mervyn King
51.7%
2010
Mervyn King
51.7%
2012
Kevin Painter
51%
2007
Terry Jenkins
50.8%
2008
Terry Jenkins
50.8%
2009
Terry Jenkins
50.8%
2010
Terry Jenkins
50.8%
2011
Terry Jenkins
50.8%
2007
Dennis Priestley
48.3%
2013
Wes Newton
43.9%
2014
Wes Newton
43.9%
2006
Ronnie Baxter
40.6%
2010
Ronnie Baxter
40.6%
2005
Mark Dudbridge
36.5%
Quiz Playlist
Details
Report
Send in Message
Add To Playlist
Classic:
Type in answers that appear in a list
Last Updated: May 27, 2020
Quiz Scoreboard
CHALLENGE
Sign Up to Join the Scoreboard
Show All
Scores
Hide
Comments
May contain spoilers
Recently Published
1-10 Letter E Words III
by El_Dandy
Language
2m
Street Fighter Characters
by Artimus82
Gaming
60s
College Basketball Coaching Resumes
by pancakes188
Sports
9m
More to Explore
Quiz From the Vault
Featured Blog Post
Where Did the Easter Bunny Come From?
hide this ad
You Might Also Like...
Tags
Premier League Quiz
Challenger
dart
Excluding
League
Player
Premier
Today's Top Quizzes in Sports
Browse Sports
hide this ad
Today's Top Quizzes in Premier League
Browse Premier League
Top Contributed Quizzes in Sports
1
2022 World Cup Stars
2
Les meilleurs buteurs des matchs entre le PSG et l’OM
3
FIFA Club World Cup Champions
4
Les entraîneurs de l'OM et du PSG au 21e siècle
5
Criteria MLB: Left Handed Sluggers
6
2023 MLB Unique Player Accomplishments
7
AFC Teams Reveal (Wrong Answers Minefield)
8
Players with Multiple 50 Home Run Seasons
9
5-to-1: FBS Animal Nicknames
10
5-to-1: UK Sports Teams
Explore More
Trending Topics
Kpop
Harry Potter
Anime
Crossword
Disney
Marvel
NBA
Soccer
WWE
NFL
The Office
Song
Puzzle
Country
Pokémon
hide this ad
More By:
OfficialPDC
Quiz
Plays
Rating
Category
Featured
Created
All Premier League Darts players from 2005-2020
12,900
4.50
Sports
Mar 18, 2020
2019 PDC Players Championship event winners
2,285
5.00
Sports
Nov 20, 2019
2019/20 World Darts Championship Nicknames
1,877
4.00
Sports
Dec 13, 2019
Go to Creator's Profile
Score Distribution
Quiz Creator Spotlight
OfficialPDC
Follow
Send a Message
Quizzes Created
-
Created Quiz Play Count
-
More By This Creator
Popular Quizzes Today
1
Find the US States - No Outlines Minefield
2
Find the Countries of Europe - No Outlines Minefield
3
The Countries of the World
4
Find the US States
5
Risky Map Clicking: Biggest States A-Z
6
US States
7
Popular People in 1961
8
Movies - When Are They Set?
More Sports Quizzes
MLB MVP Reveal (2000-Present) XVI
Quiz Lab
Trending Quizzes
Risky Map Clicking: Least Populous States A-Z
1-10 Letter G Words
1-10 Letter F Words
Countries of the World: 200 Million BC
Risky Map Clicking: Next State Alphabetically
Recently Updated
Beyoncé Albums
pecheneg
Leaping Animals
pecheneg
Reality TV Shows (A-Z)
bhenderson79
Rickey Henderson's Hall of Fame Teammates
pecheneg
Champions League XIs: Arsenal
pecheneg
Quick Pick: Celebrities in WWE's Hall of Fame
aduchscher
A-Z Keypad Blitz II
pecheneg
Multiple Oscar Actors
pecheneg
Mystery Phrase Blitz: Oscar 'Best Actors'
pecheneg
F. Scott Fitzgerald Novels
LTH
Trending Topics
Crossword
Marvel
Harry Potter
Disney
NBA
Kpop
Anime
WWE
Song
The Office
Puzzle
NFL
Country
Pokémon
Soccer
Your Account Isn't Verified!
In order to create a playlist on Sporcle, you need to verify the email address you used during registration. Go to your
Sporcle Settings
to finish the process.
Report this User
Report this user for behavior that violates our
Community Guidelines
.
Details:
Send Report
Go to the Sporcle.com Mobile Site →
Comments